| 000 | 00619nam a2200205 a 4500 | ||
|---|---|---|---|
| 005 | 20210223124957.0 | ||
| 008 | 030602s1999 mx r 000 0 spa d | ||
| 020 | _a8485859731 | ||
| 035 | _aUPN01000124881 | ||
| 049 | _aCG | ||
| 050 | 4 |
_aP121 _bS4.4 1999 |
|
| 100 | 1 |
_aSerrano, Sebastiá, _d1945- |
|
| 245 | 1 | 3 |
_aLa lingüística : _bsu historia y su desarrollo / _cSebastiá Serrano. |
| 250 | _a3a ed. | ||
| 260 |
_aBarcelona, Esp. : _bMontesinos, _c1999. |
||
| 300 |
_a160 p. : _bil., gráfs. |
||
| 440 | 0 |
_aBiblioteca de divulgación temática ; _v22 |
|
| 650 | 4 |
_aLINGUISTICA - _xHISTORIA _927406 |
|
| 905 | _aLibro | ||
| 999 |
_c97060 _d97060 |
||